<?xml version="1.0" encoding="UTF-8"?>
<record
    xmlns:xsi="http://www.w3.org/2001/XMLSchema-instance"
    xsi:schemaLocation="http://www.loc.gov/MARC21/slim http://www.loc.gov/standards/marcxml/schema/MARC21slim.xsd"
    xmlns="http://www.loc.gov/MARC21/slim">

  <leader>01341cam a2200361 i 4500</leader>
  <controlfield tag="001">1204903</controlfield>
  <controlfield tag="003">YEEZEN</controlfield>
  <controlfield tag="005">20260311135335.0</controlfield>
  <controlfield tag="008">241206s2024    ch     g b    000 0 chi d</controlfield>
  <datafield tag="020" ind1=" " ind2=" ">
    <subfield code="a">9789570874495</subfield>
    <subfield code="q">(&#x5E73;&#x88DD;) :</subfield>
    <subfield code="c">NT$360</subfield>
  </datafield>
  <datafield tag="040" ind1=" " ind2=" ">
    <subfield code="a">TWTNM</subfield>
    <subfield code="b">chi</subfield>
    <subfield code="c">TWTNM</subfield>
  </datafield>
  <datafield tag="041" ind1="1" ind2=" ">
    <subfield code="a">chi</subfield>
    <subfield code="h">eng</subfield>
  </datafield>
  <datafield tag="042" ind1=" " ind2=" ">
    <subfield code="a">nbic</subfield>
  </datafield>
  <datafield tag="084" ind1=" " ind2=" ">
    <subfield code="a">177.1</subfield>
    <subfield code="2">ncsclt</subfield>
  </datafield>
  <datafield tag="090" ind1=" " ind2=" ">
    <subfield code="a">177.1</subfield>
    <subfield code="b">5042</subfield>
  </datafield>
  <datafield tag="100" ind1="1" ind2=" ">
    <subfield code="a">&#x62C9;&#x85A9;&#x7279;</subfield>
    <subfield code="q">(Lasater, Judith Hanson)</subfield>
  </datafield>
  <datafield tag="245" ind1="1" ind2="0">
    <subfield code="a">&#x975E;&#x66B4;&#x529B;&#x6E9D;&#x901A;&#x7684;&#x5C0D;&#x8A71;&#x7DF4;&#x7FD2; :</subfield>
    <subfield code="b">&#x653E;&#x4E0B;&#x6307;&#x8CAC;&#x6216;&#x6210;&#x898B;,&#x5584;&#x7528;5&#x7A2E;&#x60C5;&#x5883;&#x5C0D;&#x8A71;,&#x6709;&#x6548;&#x627E;&#x51FA;&#x5F7C;&#x6B64;&#x7684;&#x9700;&#x8981; /</subfield>
    <subfield code="c">&#x8331;&#x8FEA;&#x7D72;.&#x97D3;&#x68EE;.&#x62C9;&#x85A9;&#x7279;(Judith Hanson Lasater), &#x827E;&#x514B;.K.&#x62C9;&#x85A9;&#x7279;(Ike K. Lasater)&#x8457; ; &#x738B;&#x5FF5;&#x6148;&#x8B6F;</subfield>
  </datafield>
  <datafield tag="246" ind1="3" ind2="0">
    <subfield code="a">&#x653E;&#x4E0B;&#x6307;&#x8CAC;&#x6216;&#x6210;&#x898B;,&#x5584;&#x7528;5&#x7A2E;&#x60C5;&#x5883;&#x5C0D;&#x8A71;,&#x6709;&#x6548;&#x627E;&#x51FA;&#x5F7C;&#x6B64;&#x7684;&#x9700;&#x8981;</subfield>
  </datafield>
  <datafield tag="246" ind1="3" ind2="0">
    <subfield code="a">&#x653E;&#x4E0B;&#x6307;&#x8CAC;&#x6216;&#x6210;&#x898B;,&#x5584;&#x7528;&#x4E94;&#x7A2E;&#x60C5;&#x5883;&#x5C0D;&#x8A71;,&#x6709;&#x6548;&#x627E;&#x51FA;&#x5F7C;&#x6B64;&#x7684;&#x9700;&#x8981;</subfield>
  </datafield>
  <datafield tag="250" ind1=" " ind2=" ">
    <subfield code="a">&#x521D;&#x7248;</subfield>
  </datafield>
  <datafield tag="260" ind1=" " ind2=" ">
    <subfield code="a">&#x65B0;&#x5317;&#x5E02; :</subfield>
    <subfield code="b">&#x806F;&#x7D93;&#x51FA;&#x7248; :</subfield>
    <subfield code="c">2024.08</subfield>
    <subfield code="b">&#x806F;&#x5408;&#x767C;&#x884C;&#x7E3D;&#x7D93;&#x92B7;</subfield>
  </datafield>
  <datafield tag="300" ind1=" " ind2=" ">
    <subfield code="a">216&#x9762; ;</subfield>
    <subfield code="c">21&#x516C;&#x5206;</subfield>
  </datafield>
  <datafield tag="490" ind1="1" ind2=" ">
    <subfield code="a">&#x5FC3;&#x9748;&#x6F2B;&#x6B65;</subfield>
  </datafield>
  <datafield tag="504" ind1=" " ind2=" ">
    <subfield code="a">&#x53C3;&#x8003;&#x66F8;&#x76EE;: &#x9762;212-216.</subfield>
  </datafield>
  <datafield tag="650" ind1=" " ind2="7">
    <subfield code="a">&#x4EBA;&#x969B;&#x50B3;&#x64AD;</subfield>
    <subfield code="2">lcstt.</subfield>
  </datafield>
  <datafield tag="650" ind1=" " ind2="7">
    <subfield code="a">&#x6E9D;&#x901A;&#x6280;&#x5DE7;</subfield>
    <subfield code="2">lcstt.</subfield>
  </datafield>
  <datafield tag="650" ind1=" " ind2="7">
    <subfield code="a">&#x8AAA;&#x8A71;&#x85DD;&#x8853;</subfield>
    <subfield code="2">lcstt.</subfield>
  </datafield>
  <datafield tag="700" ind1="1" ind2=" ">
    <subfield code="a">&#x62C9;&#x85A9;&#x7279;</subfield>
    <subfield code="q">(Lasater, Ike K.)</subfield>
  </datafield>
  <datafield tag="700" ind1="1" ind2=" ">
    <subfield code="a">&#x738B;&#x5FF5;&#x6148;</subfield>
  </datafield>
  <datafield tag="765" ind1="0" ind2=" ">
    <subfield code="t">What we say matters : Practicing nonviolent communication.</subfield>
  </datafield>
  <datafield tag="830" ind1=" " ind2="0">
    <subfield code="a">&#x5FC3;&#x9748;&#x6F2B;&#x6B65;</subfield>
  </datafield>
  <datafield tag="942" ind1=" " ind2=" ">
    <subfield code="2">ccl</subfield>
    <subfield code="c">BOOK</subfield>
  </datafield>
  <datafield tag="999" ind1=" " ind2=" ">
    <subfield code="c">7700</subfield>
    <subfield code="d">7700</subfield>
  </datafield>
  <datafield tag="952" ind1=" " ind2=" ">
    <subfield code="0">0</subfield>
    <subfield code="1">0</subfield>
    <subfield code="2">ccl</subfield>
    <subfield code="4">0</subfield>
    <subfield code="7">0</subfield>
    <subfield code="a">yeezen</subfield>
    <subfield code="b">yeezen</subfield>
    <subfield code="c">YEEZEN</subfield>
    <subfield code="d">2026-03-11</subfield>
    <subfield code="l">1</subfield>
    <subfield code="o">177.1</subfield>
    <subfield code="p">C03283</subfield>
    <subfield code="q">2026-04-24</subfield>
    <subfield code="r">2026-04-10 00:00:00</subfield>
    <subfield code="s">2026-04-10</subfield>
    <subfield code="w">2026-03-11</subfield>
    <subfield code="y">BOOK</subfield>
    <subfield code="z">&#x2500;&#x2500;&#x5168;&#x7403;&#x8D85;&#x904E;&#x6578;&#x767E;&#x842C;&#x4EBA;&#x90FD;&#x5728;&#x7528;&#x7684;&#x8AAA;&#x8A71;&#x65B9;&#x5F0F;&#x2500;&#x2500; &#x99AC;&#x6B47;&#x723E;&#x2022;&#x76E7;&#x68EE;&#x5821;&#x535A;&#x58EB;&#x7684;&#x9580;&#x751F;&#x89AA;&#x6388;  &#x552F;&#x6709;&#x7406;&#x89E3;&#x96D9;&#x65B9;&#x7684;&#x611F;&#x53D7;&#x8207;&#x9700;&#x8981;&#xFF0C;&#x624D;&#x80FD;&#x7AD9;&#x5728;&#x540C;&#x7406;&#x7684;&#x89D2;&#x5EA6;&#x8AAA;&#x8A71;&#xFF0C; &#x4E00;&#x5957;&#x771F;&#x6B63;&#x907F;&#x514D;&#x885D;&#x7A81;&#x3001;&#x6E1B;&#x5C11;&#x60C5;&#x7DD2;&#x52D2;&#x7D22;&#x7684;&#x6E9D;&#x901A;&#x6CD5;&#x3002;  &#x2605;&#x672C;&#x66F8;&#x7CBE;&#x5F69;&#x7279;&#x8272;&#x2605; &#x258D;&#x9080;&#x8ACB;&#x7F8E;&#x570B;&#x975E;&#x66B4;&#x529B;&#x6E9D;&#x901A;&#x4E2D;&#x5FC3;&#x8A8D;&#x8B49;&#x57F9;&#x8A13;&#x5E2B;&#x2500;&#x2500;&#x913A;&#x9E97;&#x541B;&#x8001;&#x5E2B;&#xFF0C;&#x5354;&#x52A9;&#x5BE9;&#x8A02;&#x672C;&#x66F8;&#x3002; &#x258D;&#x66F8;&#x4E2D;&#x63D0;&#x4F9B;&#x300C;&#x8F14;&#x52A9;&#x53E5;&#x578B;&#x300D;&#xFF0C;&#x53EF;&#x5728;&#x6E9D;&#x901A;&#x6642;&#x76F4;&#x63A5;&#x5957;&#x7528;&#xFF0C;&#x9069;&#x5408;&#x65B0;&#x624B;&#x4F7F;&#x7528;&#x3002; &#x258D;&#x6BCF;&#x7AE0;&#x7D50;&#x675F;&#x90FD;&#x9644;&#x6709;&#x5BE6;&#x4F5C;&#xFF0C;&#x65B9;&#x4FBF;&#x548C;&#x540C;&#x4F34;&#x4E00;&#x8D77;&#x7DF4;&#x7FD2;&#x3002;</subfield>
  </datafield>
</record>
